[Event "GER-ch47 final email"]
[Site "GER email"]
[Date "2017.02.05"]
[Round "?"]
[White "Koerber, Bernhard"]
[Black "Schunck, Franz"]
[Result "1/2-1/2"]
[WhiteElo "2399"]
[BlackElo "2314"]
[PlyCount "68"]
[EventDate "2017.??.??"]
[EventType "tourn (corr)"]
[EventRounds "14"]
[EventCountry "GER"]
[SourceTitle "Corr 2020"]
[Source "ChessBase"]
[SourceDate "2019.09.30"]
[SourceVersion "1"]
[SourceVersionDate "2019.09.30"]
[SourceQuality "1"]

1. e4 c5 2. Nc3 Nc6 3. f4 g6 4. Nf3 Bg7 5. Bb5 Nd4 6. 0-0 Nxb5 7. Nxb5 d6 8. d3 Nf6 9. e5 Nd5 10. c4 Nc7 11. exd6 Nxb5 12. dxe7 Qxe7 13. Re1 Be6 14. cxb5 0-0 15. Ng5 Qd7 16. Nxe6 fxe6 17. Qb3 Rad8 18. Rxe6 Qxd3 19. Re7+ c4 20. Qxd3 Rxd3 21. Kf2 Rd1 22. a4 c3 23. bxc3 Bxc3 24. Rb1 Rc8 25. Kf3 b6 26. Kg4 Be1 27. a5 Bxa5 28. Rg7+ Kxg7 29. Bb2+ Kf7 30. Rxd1 Rc2 31. Be5 Rxg2+ 32. Kh3 Rd2 33. Rxd2 Bxd2 34. Kg4 Ke6 1/2-1/2

[Event "GER-ch47 final email"]
[Site "GER email"]
[Date "2017.02.05"]
[Round "?"]
[White "Zielasko, Andreas"]
[Black "Schunck, Franz"]
[Result "1/2-1/2"]
[WhiteElo "2371"]
[BlackElo "2314"]
[PlyCount "133"]
[EventDate "2017.??.??"]
[EventType "tourn (corr)"]
[EventRounds "14"]
[EventCountry "GER"]
[SourceTitle "Corr 2020"]
[Source "ChessBase"]
[SourceDate "2019.09.30"]
[SourceVersion "1"]
[SourceVersionDate "2019.09.30"]
[SourceQuality "1"]

1. e4 e6 2. d4 d5 3. Nc3 Nf6 4. e5 Nfd7 5. f4 c5 6. Nf3 Nc6 7. Be3 cxd4 8. Nxd4 Bc5 9. Qd2 a6 10. 0-0-0 Nxd4 11. Bxd4 Qc7 12. h4 b5 13. Kb1 0-0 14. h5 b4 15. Na4 Bxd4 16. Qxd4 Rb8 17. Rc1 Bb7 18. h6 g6 19. c4 dxc4 20. Bxc4 Qc6 21. Rhd1 Qxa4 22. Qxd7 Be4+ 23. Ka1 Qxd7 24. Rxd7 a5 25. g4 a4 26. Rd4 Bf3 27. g5 Rfd8 28. Rxd8+ Rxd8 29. Bb5 a3 30. Ba4 Kf8 31. Rc4 Bd1 32. Bb3 Rd2 33. bxa3 bxa3 34. Ra4 Bxb3 35. Ra8+ Ke7 36. axb3 Rf2 37. Ra7+ Ke8 38. b4 Rxf4 39. b5 Rb4 40. Ra8+ Ke7 41. Rb8 Rb2 42. b6 Kd7 43. Rh8 Ke7 44. Rxh7 Rxb6 45. Rh8 Rb2 46. Ra8 Rh2 47. Ra7+ Kf8 48. Ra8+ Ke7 49. Rxa3 Kf8 50. Ra8+ Ke7 51. Ra2 Rh5 52. Ra7+ Ke8 53. Kb2 Rh3 54. Ra3 Rh4 55. Ra8+ Ke7 56. Kc3 Kd7 57. Rb8 Ke7 58. Kd3 Kd7 59. Rb1 Ke7 60. Ke3 Kf8 61. Kf3 Ke7 62. Kg3 Rh5 63. Kg4 Rh2 64. Kg3 Rh5 65. Kf3 Rh4 66. Kg2 Rg4+ 67. Kf2 1/2-1/2

[Event "GER-ch47 final email"]
[Site "GER email"]
[Date "2017.01.29"]
[Round "?"]
[White "Schunck, Franz"]
[Black "Muhl, Christian"]
[Result "1/2-1/2"]
[WhiteElo "2140"]
[BlackElo "2180"]
[PlyCount "48"]
[EventDate "2017.??.??"]
[EventType "tourn (corr)"]
[EventRounds "14"]
[EventCountry "GER"]
[SourceTitle "Corr 2020"]
[Source "ChessBase"]
[SourceDate "2019.09.30"]
[SourceVersion "1"]
[SourceVersionDate "2019.09.30"]
[SourceQuality "1"]

1. e4 e5 2. Nf3 Nc6 3. Bb5 a6 4. Ba4 Nf6 5. 0-0 b5 6. Bb3 Bc5 7. c3 d6 8. d4 Bb6 9. a4 Rb8 10. axb5 axb5 11. Na3 0-0 12. Nxb5 Bg4 13. Bc2 Bxf3 14. gxf3 Nh5 15. f4 Nxf4 16. Bxf4 exf4 17. Qg4 Qf6 18. Rfe1 g6 19. Kh1 Kg7 20. Ra6 Ra8 21. Nxc7 Rxa6 22. Nxa6 Bxd4 23. cxd4 Qxd4 24. b4 Qc3 1/2-1/2

[Event "GER-ch47 sf05 email"]
[Site "GER email"]
[Date "2015.04.11"]
[Round "?"]
[White "Kappes, Dieter"]
[Black "Schunck, Franz"]
[Result "1/2-1/2"]
[WhiteElo "2107"]
[BlackElo "2141"]
[PlyCount "71"]
[EventDate "2015.??.??"]
[EventType "tourn (corr)"]
[EventRounds "8"]
[EventCountry "GER"]
[SourceTitle "Corr 2020"]
[Source "ChessBase"]
[SourceDate "2019.09.30"]
[SourceVersion "1"]
[SourceVersionDate "2019.09.30"]
[SourceQuality "1"]

1. e4 c5 2. Nf3 d6 3. d4 cxd4 4. Nxd4 Nf6 5. Nc3 a6 6. Bg5 e6 7. f4 Qb6 8. Qd2 Qxb2 9. Rb1 Qa3 10. e5 dxe5 11. fxe5 h6 12. Bh4 Nd5 13. Nxd5 exd5 14. e6 Bxe6 15. Nxe6 fxe6 16. Bd3 Be7 17. Bg6+ Kd8 18. Bxe7+ Qxe7 19. 0-0 Qc5+ 20. Kh1 Nd7 21. Bf7 Rf8 22. Bxe6 Rxf1+ 23. Rxf1 Nf6 24. c4 d4 25. Qf4 Ke7 26. Bd5 Re8 27. Qe5+ Kd8 28. Qb8+ Qc8 29. Qa7 Nxd5 30. Qxd4 Qe6 31. cxd5 Qf6 32. Rxf6 Re1+ 33. Qg1 Rxg1+ 34. Kxg1 gxf6 35. Kf2 Ke7 36. Ke3 1/2-1/2

[Event "GER-ch47 sf05 email"]
[Site "GER email"]
[Date "2015.04.11"]
[Round "?"]
[White "Loeffler, Werner"]
[Black "Schunck, Franz"]
[Result "1/2-1/2"]
[WhiteElo "2140"]
[BlackElo "2141"]
[PlyCount "123"]
[EventDate "2015.??.??"]
[EventType "tourn (corr)"]
[EventRounds "8"]
[EventCountry "GER"]
[SourceTitle "Corr 2022"]
[Source "ChessBase"]
[SourceDate "2021.10.24"]
[SourceVersion "1"]
[SourceVersionDate "2021.10.24"]
[SourceQuality "1"]

1. d4 Nf6 2. c4 e6 3. Nc3 Bb4 4. f3 d5 5. a3 Bxc3+ 6. bxc3 0-0 7. cxd5 exd5 8. e3 b6 9. Bd3 c5 10. Ne2 Re8 11. 0-0 Ba6 12. Ng3 Bxd3 13. Qxd3 Nc6 14. Bb2 Na5 15. Rae1 Nc4 16. Bc1 b5 17. e4 cxd4 18. cxd4 Kh8 19. e5 Ng8 20. f4 Qc7 21. Nf5 Qd7 22. Rf3 g6 23. Nh4 f5 24. Rh3 Kg7 25. Bd2 Nxd2 26. Qxd2 Rac8 27. Rb3 Rc4 28. Qa5 Rb8 29. Nf3 Rb6 30. Nd2 Rc2 31. Nf1 Ne7 32. Rd1 Nc6 33. Qe1 Rc4 34. Rbd3 Ra4 35. Ne3 Na5 36. Nc2 Nc4 37. Rb1 Qe7 38. Qc1 b4 39. Rxb4 Raxb4 40. axb4 Qc7 41. Rd1 Qc6 42. h3 Qa4 43. Rf1 a5 44. bxa5 Qxa5 45. Ne3 Nxe3 46. Qxe3 Rb2 47. Qf3 Qa2 48. Rc1 h5 49. Rc7+ Kf8 50. Kh1 Rb3 51. Qf1 h4 52. Qe1 Rb1 53. Rc1 Rxc1 54. Qxc1 Qf2 55. e6 Ke7 56. Qc7+ Kxe6 57. Qe5+ Kf7 58. Qxd5+ Ke8 59. Qe5+ Kd7 60. d5 Qf1+ 61. Kh2 Qf2 62. d6 1/2-1/2

[Event "GER-ch46 V08 email"]
[Site "GER email"]
[Date "2014.04.03"]
[Round "?"]
[White "Bars, Joachim"]
[Black "Schunck, Franz"]
[Result "1/2-1/2"]
[WhiteElo "2152"]
[BlackElo "2124"]
[PlyCount "45"]
[EventDate "2014.04.16"]
[EventType "tourn (corr)"]
[EventRounds "8"]
[EventCountry "GER"]
[SourceTitle "Corr 2015"]
[Source "ChessBase"]
[SourceDate "2015.07.17"]
[SourceVersion "1"]
[SourceVersionDate "2015.07.17"]
[SourceQuality "1"]

1. d4 Nf6 2. c4 e6 3. Nc3 Bb4 4. Qc2 0-0 5. a3 Bxc3+ 6. Qxc3 b6 7. Bg5 Bb7 8. e3 d6 9. Ne2 Nbd7 10. Qc2 c5 11. Rd1 cxd4 12. Rxd4 Qe7 13. Nc3 h6 14. Bh4 Ne5 15. f3 Rac8 16. Be2 Ng6 17. Bf2 d5 18. cxd5 Nxd5 19. Nxd5 Rxc2 20. Nxe7+ Nxe7 21. Rd2 Rc1+ 22. Rd1 Rc2 23. Rd2 1/2-1/2

[Event "GER-ch46 V08 email"]
[Site "GER email"]
[Date "2014.04.03"]
[Round "?"]
[White "Kruschinski, Dirk"]
[Black "Schunck, Franz"]
[Result "1/2-1/2"]
[WhiteElo "2192"]
[BlackElo "2141"]
[PlyCount "51"]
[EventDate "2014.04.16"]
[EventType "tourn (corr)"]
[EventRounds "8"]
[EventCountry "GER"]
[SourceTitle "Corr 2020"]
[Source "ChessBase"]
[SourceDate "2019.09.30"]
[SourceVersion "1"]
[SourceVersionDate "2019.09.30"]
[SourceQuality "1"]

1. d4 Nf6 2. c4 e6 3. g3 d5 4. Bg2 dxc4 5. Nf3 a6 6. 0-0 Nc6 7. e3 Bd7 8. Qe2 Bd6 9. Qxc4 0-0 10. Rd1 Qe7 11. Nc3 h6 12. Qe2 Rad8 13. Nd2 e5 14. d5 Nb8 15. e4 b5 16. a3 c6 17. Nb3 Rc8 18. Be3 Bg4 19. f3 cxd5 20. fxg4 d4 21. Nxd4 exd4 22. Bxd4 Nbd7 23. Qd2 Rc4 24. Bf2 Be5 25. Nd5 Qe6 26. Rac1 1/2-1/2

[Event "GER-ch46 V08 email"]
[Site "GER email"]
[Date "2014.04.03"]
[Round "?"]
[White "Schunck, Franz"]
[Black "Firsching, Guenter"]
[Result "1/2-1/2"]
[WhiteElo "2141"]
[BlackElo "2070"]
[PlyCount "99"]
[EventDate "2014.04.16"]
[EventType "tourn (corr)"]
[EventRounds "8"]
[EventCountry "GER"]
[SourceTitle "Corr 2020"]
[Source "ChessBase"]
[SourceDate "2019.09.30"]
[SourceVersion "1"]
[SourceVersionDate "2019.09.30"]
[SourceQuality "1"]

1. e4 c5 2. Nf3 d6 3. d4 cxd4 4. Nxd4 Nf6 5. Nc3 a6 6. Be2 e5 7. Nb3 Be7 8. Qd3 0-0 9. 0-0 Be6 10. Be3 Nc6 11. a3 Rc8 12. Nd5 Bxd5 13. exd5 e4 14. Qd2 Ne5 15. Rac1 Nc4 16. Bxc4 Rxc4 17. Qe2 Rc8 18. Bd4 b5 19. Rfe1 Re8 20. Rcd1 Qd7 21. c3 Bd8 22. Qc2 Nxd5 23. Rxe4 Bf6 24. g3 Re6 25. Rxe6 fxe6 26. Qd3 Bd8 27. Nd2 Bc7 28. Ne4 h6 29. a4 Rf8 30. Qe2 Qe8 31. axb5 axb5 32. Qg4 Qf7 33. Ra1 Rd8 34. Qe2 Qg6 35. Re1 Qe8 36. Rd1 Kh8 37. Qg4 Qf7 38. Qe2 Qd7 39. Qh5 Kg8 40. f4 Qf7 41. Qe2 b4 42. c4 Ne7 43. Bf2 Nc6 44. Qg4 Na5 45. c5 d5 46. Nd2 Rf8 47. Bd4 Nc6 48. Nf3 Re8 49. Rc1 Bb8 50. Be5 1/2-1/2

[Event "GER-ch45 V08 email"]
[Site "GER email"]
[Date "2013.03.27"]
[Round "?"]
[White "Graefen, Klaus"]
[Black "Schunck, Franz"]
[Result "1/2-1/2"]
[WhiteElo "2156"]
[BlackElo "2124"]
[PlyCount "73"]
[EventDate "2013.04.08"]
[EventType "tourn (corr)"]
[EventRounds "12"]
[EventCountry "GER"]
[SourceTitle "Corr 2015"]
[Source "ChessBase"]
[SourceDate "2015.07.17"]
[SourceVersion "1"]
[SourceVersionDate "2015.07.17"]
[SourceQuality "1"]

1. e4 e6 2. d4 d5 3. Nc3 Bb4 4. e5 c5 5. a3 Bxc3+ 6. bxc3 Ne7 7. Qg4 0-0 8. Bd3 f5 9. exf6 Rxf6 10. Bg5 Rf7 11. Qh5 g6 12. Qd1 c4 13. Be2 Nbc6 14. Nf3 Qa5 15. Bd2 Nf5 16. 0-0 Bd7 17. Re1 Re8 18. Ng5 Rfe7 19. f4 Nd6 20. Bf3 Qa4 21. Bc1 Nf5 22. g3 h6 23. Nh3 Nd8 24. Re2 Rf7 25. Qe1 Ref8 26. Bg2 Rh7 27. Rb1 b6 28. Rb4 Qc6 29. Nf2 h5 30. Nh3 Nf7 31. Bd2 b5 32. Rb1 Qc8 33. Bc1 Qa6 34. Rb4 Rd8 35. Rb1 Rf8 36. Rb4 Rd8 37. Rb1 1/2-1/2

[Event "GER-ch45 V08 email"]
[Site "GER email"]
[Date "2013.03.27"]
[Round "?"]
[White "Schunck, Franz"]
[Black "Balzert, Antonius"]
[Result "1/2-1/2"]
[WhiteElo "2124"]
[BlackElo "2108"]
[PlyCount "60"]
[EventDate "2013.04.08"]
[EventType "tourn (corr)"]
[EventRounds "12"]
[EventCountry "GER"]
[SourceTitle "Corr 2015"]
[Source "ChessBase"]
[SourceDate "2015.07.17"]
[SourceVersion "1"]
[SourceVersionDate "2015.07.17"]
[SourceQuality "1"]

1. e4 c5 2. Nf3 d6 3. Bb5+ Bd7 4. Bxd7+ Qxd7 5. c4 Nc6 6. Nc3 Nf6 7. d4 cxd4 8. Nxd4 g6 9. f3 Bg7 10. Be3 0-0 11. 0-0 a6 12. Rc1 Rac8 13. Nde2 Ne5 14. b3 b5 15. cxb5 axb5 16. Qd2 Rfd8 17. Bb6 b4 18. Na4 Rxc1 19. Rxc1 Rc8 20. Rxc8+ Qxc8 21. Be3 Qb7 22. Nb6 Nc6 23. Qd3 Nd7 24. Nxd7 Qxd7 25. Qb5 Qc8 26. Kf1 Be5 27. h3 Kg7 28. Bd2 Qa8 29. Nc1 Bb2 30. Nd3 Bf6 1/2-1/2

[Event "GER-ch45 V08 email"]
[Site "GER email"]
[Date "2013.03.27"]
[Round "?"]
[White "Wolf, Wolfgang"]
[Black "Schunck, Franz"]
[Result "1/2-1/2"]
[WhiteElo "2150"]
[BlackElo "2124"]
[PlyCount "76"]
[EventDate "2013.04.08"]
[EventType "tourn (corr)"]
[EventRounds "12"]
[EventCountry "GER"]
[SourceTitle "Corr 2015"]
[Source "ChessBase"]
[SourceDate "2015.07.17"]
[SourceVersion "1"]
[SourceVersionDate "2015.07.17"]
[SourceQuality "1"]

1. e4 e6 2. d4 d5 3. Nc3 Nf6 4. e5 Nfd7 5. f4 c5 6. Nf3 cxd4 7. Nxd4 Nc6 8. Be3 Bc5 9. Qd2 a6 10. 0-0-0 Nxd4 11. Bxd4 Qc7 12. h4 b5 13. g4 b4 14. Na4 Bxd4 15. Qxd4 Rb8 16. Kb1 Bb7 17. b3 0-0 18. h5 Rfc8 19. Rh2 Bc6 20. Nc5 Nxc5 21. Qxc5 a5 22. h6 g6 23. f5 Bd7 24. Qe7 Qd8 25. Qxd8+ Rxd8 26. Bd3 exf5 27. gxf5 Bxf5 28. Bxf5 gxf5 29. Rf1 Rb6 30. Rxf5 Kf8 31. Rhf2 Rd7 32. Rf6 Rxf6 33. exf6 Rd6 34. a4 Ke8 35. Re2+ Kf8 36. Re5 Rxf6 37. Rxd5 Ra6 38. c3 bxc3 1/2-1/2

[Event "CP-2012-P-00048"]
[Site "LSS email"]
[Date "2012.10.01"]
[Round "?"]
[White "Schunck, Franz"]
[Black "Van de Peut, Aart A"]
[Result "1-0"]
[WhiteElo "2127"]
[BlackElo "1325"]
[PlyCount "69"]
[EventDate "2012.10.05"]
[EventType "tourn (corr)"]
[EventRounds "6"]
[EventCountry "GER"]
[SourceTitle "Telechess CBM 161"]
[Source "ChessBase"]
[SourceDate "2014.07.16"]
[SourceVersion "1"]
[SourceVersionDate "2014.07.16"]
[SourceQuality "1"]

1. e4 e5 2. Nf3 Nc6 3. Bb5 a6 4. Bxc6 dxc6 5. 0-0 Bg4 6. h3 h5 7. d3 Qf6 8. Nbd2 Ne7 9. d4 Ng6 10. Re1 Nf4 11. hxg4 hxg4 12. g3 gxf3 13. Qxf3 Ne6 14. dxe5 Qxe5 15. Qf5 Qb5 16. a4 Qb6 17. a5 Qb5 18. Qxb5 axb5 19. Nb3 Be7 20. Kg2 c5 21. Be3 Kd7 22. f4 Kc6 23. Nd2 Ra6 24. Nf3 Bf6 25. e5 Be7 26. f5 Nd4 27. Bxd4 cxd4 28. Nxd4+ Kc5 29. Rad1 Rah6 30. Re4 Rh2+ 31. Kf3 Rh1 32. Rd3 Rf1+ 33. Kg4 Kd5 34. Nxb5+ Kxe4 35. Nc3+ 1-0

[Event "GER rap7 FSM/V01 email"]
[Site "GER email"]
[Date "2012.07.02"]
[Round "?"]
[White "Husemann, Andreas"]
[Black "Schunck, Franz"]
[Result "1/2-1/2"]
[WhiteElo "1946"]
[BlackElo "2026"]
[PlyCount "53"]
[EventDate "2012.07.12"]
[EventType "tourn (corr)"]
[EventRounds "4"]
[EventCountry "GER"]
[SourceTitle "Corr 2015"]
[Source "ChessBase"]
[SourceDate "2015.07.17"]
[SourceVersion "1"]
[SourceVersionDate "2015.07.17"]
[SourceQuality "1"]
[WhiteTeam "Germany"]
[BlackTeam "Germany"]
[WhiteTeamCountry "GER"]
[BlackTeamCountry "GER"]

1. d4 Nf6 2. c4 e6 3. Nf3 d5 4. Nc3 Bb4 5. Bg5 0-0 6. e3 h6 7. Bxf6 Bxc3+ 8. bxc3 Qxf6 9. Bd3 dxc4 10. Bxc4 b6 11. 0-0 Bb7 12. Ne5 Qg5 13. g3 Nc6 14. f4 Qe7 15. Qd3 Nxe5 16. fxe5 Rac8 17. Bb3 c5 18. Bc2 f5 19. exf6 gxf6 20. Bb3 Kg7 21. c4 f5 22. d5 exd5 23. cxd5 Rce8 24. Rae1 Qe4 25. Qc3+ Qe5 26. Qd3 Qe4 27. Qc3+ 1/2-1/2